| 000 | 00557nam a2200169 a 4500 | ||
|---|---|---|---|
| 005 | 20141222110606.0 | ||
| 008 | 141222b xxu||||| |||| 00| 0 spa d | ||
| 040 | _c2005 | ||
| 041 | _aspa | ||
| 090 |
_aIAVH _b00373 |
||
| 100 |
_aTejada Galvis, Jorge Omar _94897 |
||
| 245 | _aPlan de uso y aprovechamiento de los recursos naturales Asociación "Paraiso Tropical de Canaán" vereda la Canaán, municipio de Salento - Quindío | ||
| 260 |
_aArmenia _bInstituto Alexander von Humboldt _c2005 |
||
| 300 | _a77 p. | ||
| 942 |
_cINFORME _2z |
||
| 945 | _d2005-07-08 | ||
| 999 |
_c4644 _d4644 |
||